| 000 | 00611nam a2200217Ia 4500 | ||
|---|---|---|---|
| 003 | OSt | ||
| 005 | 20230503110457.0 | ||
| 008 | 210423s2003 xx 000 0 und d | ||
| 020 | _a978-0-521-47718-2 | ||
| 040 | _cAL | ||
| 041 | _aeng | ||
| 082 |
_a330.1 _223 _bCORT |
||
| 100 |
_aCORNES (Richard);Sandler (Todd) _996712 |
||
| 245 | _aTheory of externalities public goods and club goods | ||
| 260 |
_aUK _bCambridge University Press _c2003 |
||
| 300 |
_axix,590 _bPB |
||
| 365 |
_b4992 _cUSD |
||
| 650 |
_aEconomics _996713 |
||
| 906 | _aclub ; externalities ; goods ; public ; Theory | ||
| 942 |
_2ddc _cBK |
||
| 999 |
_c170848 _d170848 |
||